000 00560nam a2200229Ia 4500
003 OSt
005 20220924144538.0
006 a|||||r|||| 00| 0
007 ta
008 220923b |||||||| |||| 00| 0 urd d
024 _a315450
037 _cTextual
040 _aARTS
_cARTS
_burd
041 _2urd
_aurd
082 _aO168,1NAAx, P0
100 _aNomani Aazir
_9217838
245 0 _aSanam kudah
260 _c2000
650 _aURDU POETRY
942 _hO168,1NAAx, P0
_cTEXL
_2CC
999 _c457390
_d457390